000 00922nam a2200253 a 4500
001 52478
003 BD-RjUL
005 20211209075819.0
008 160921s1971 bg ||||| |||| 00| 0 ben d
035 _a(BD-RjUL)52598
040 _aBD-RjUL
_bben
_cBD-RjUL
_dBD-RjUL
041 _aben
082 _223
_a398
_bMOM 1971
245 0 0 _aমোমেনশাহী গীতিকা /
_cসম্পাদনায় : বদিউজ্জামান
250 _a১ম সং.
260 _aঢাকা :
_bবাঙলা একাডেমী,
_c১৯৭১.
300 _a৪৫৮ পৃ. :
_bচিত্র ;
_c২৩ সেমি.
490 _aবাএ ;
_v৩৪৭
650 _aলোকাচারবিদ্যা
_9156970
650 _aFolklore
_9156971
700 _aবদিউজ্জামান, সম্পাদক
_9246411
830 _aবাএ ;
_v৩৪৭
_9246412
942 _2ddc
_cBK
999 _c52478
_d52478